Top 100 Best Horror Games of All-Times (Metacritic) - Statistics

General Stats
  • This quiz has been taken 74 times
  • The average score is 29 of 100
Answer Stats
No. Year of Release Score Answer % Correct
9 1996 91/100 Resident Evil
84%
34 2015 83/100 Resident Evil HD Remaster
84%
7 2002 91/100 Resident Evil (Remake)
84%
15 1999 86/100 Silent Hill
74%
10 2019 91/100 Resident Evil 2 (Remake)
72%
1 2005 96/100 Resident Evil 4
72%
30 2011 84/100 Resident Evil 4 HD
72%
4 2023 93/100 Resident Evil 4 (Remake)
72%
8 1999 91/100 Resident Evil 3: Nemesis
68%
58 2020 79/100 Resident Evil 3 (Remake)
68%
68 2014 78/100 Five Nights at Freddy's
67%
33 2009 83/100 Resident Evil 5
67%
20 2017 86/100 Resident Evil 7: Biohazard
65%
27 2021 84/100 Resident Evil Village
65%
14 2001 89/100 Silent Hill 2
65%
16 2024 86/100 Silent Hill 2 (Remake)
65%
25 2001 84/100 Silent Hill 2: Restless Dreams
65%
23 2003 85/100 Silent Hill 3
54%
82 2004 76/100 Silent Hill 4: The Room
53%
22 2010 85/100 Amnesia: The Dark Descent
51%
12 2023 89/100 Dead Space (Remake)
51%
50 2013 80/100 Outlast
49%
73 2018 77/100 Outlast: Bundle of Terror
49%
56 2014 79/100 Alien: Isolation
47%
83 2017 75/100 Outlast 2
42%
98 2002 74/100 Fatal Frame
35%
72 2002 77/100 Fatal Frame: Special Edition
35%
37 2010 83/100 Alan Wake
33%
59 2021 79/100 Alan Wake Remastered
33%
46 2003 81/100 Fatal Frame 2: Crimson Butterfly
33%
24 2004 84/100 Fatal Frame 2: Crimson Butterfly - Director's Cut
33%
71 2012 77/100 Project Zero 2: Wii Edition
33%
2 2000 94/100 Resident Evil Code: Veronica
33%
13 2023 89/100 Alan Wake II
32%
21 2025 85/100 Silent Hill f
32%
86 2014 75/100 The Evil Within
32%
96 2015 74/100 Dying Light
30%
66 2021 78/100 Dying Light: Platinum Edition
30%
64 2005 78/100 Fatal Frame III: The Tormented
26%
32 2002 83/100 Resident Evil 0
26%
79 2017 76/100 The Evil Within 2
26%
49 2008 80/100 Condemned 2: Bloodshot
25%
40 2005 81/100 Condemned: Criminal Origins
25%
78 2022 76/100 Dying Light 2: Stay Human
25%
38 2012 82/100 Resident Evil: Revelations
25%
95 1999 74/100 Dino Crisis
23%
35 2018 83/100 The Forest
23%
3 2020 93/100 The Last of Us Part II
23%
5 2002 92/100 Eternal Darkness: Sanity's Requiem
21%
91 2015 75/100 Resident Evil: Revelations 2
21%
28 2015 84/100 SOMA
21%
11 2024 90/100 The Last of Us Part II Remastered
21%
17 2000 86/100 Dino Crisis 2
19%
60 2009 79/100 Silent Hill: Shattered Memories
19%
6 1999 92/100 System Shock 2
19%
26 2025 84/100 System Shock 2: 25th Anniversary Remaster
19%
43 2020 81/100 The Walking Dead: Saints & Sinners
19%
54 2018 80/100 Layers of Fear: Legacy
18%
89 2023 75/100 Layers of Fear (Remake)
18%
62 2002 78/100 The Thing
18%
90 2024 75/100 The Outlast Trials
16%
70 2023 77/100 Amnesia: The Bunker
14%
65 2008 78/100 Penumbra: Black Plague
14%
63 2007 78/100 Silent Hill: Origins
14%
61 2008 78/100 Siren: Blood Curse
14%
53 2019 80/100 Darkwood
12%
57 2025 79/100 Dying Light: The Beast
12%
47 2019 80/100 Five Nights at Freddy's: Help Wanted
12%
74 2004 77/100 The Suffering
12%
48 2020 80/100 Amnesia: Rebirth
11%
69 2005 77/100 Call of Cthulhu: Dark Corners of the Earth
11%
18 2019 86/100 Devotion
11%
84 2005 75/100 The Suffering: Ties That Bind
11%
44 2020 81/100 Visage
11%
52 2024 80/100 CONSCRIPT
9%
75 2025 77/100 Cronos: The New Dawn
9%
85 2010 75/100 Dementium II
9%
45 2022 81/100 Signalis
9%
19 2024 86/100 Sons of the Forest
9%
92 2024 74/100 Alien: Rogue Incursion
7%
42 2024 81/100 Alisa: Developer's Cut
7%
55 2024 79/100 Among Ashes
7%
29 2024 84/100 Crow Country
7%
31 2024 83/100 Fear the Spotlight
7%
41 2012 81/100 Lone Survivor
7%
77 2017 77/100 Remothered: Tormented Fathers
7%
51 2022 80/100 Saturnalia
7%
36 2024 83/100 Sorry We're Closed
7%
67 2013 78/100 State of Decay
7%
100 2019 74/100 The Beast Inside
7%
76 2012 77/100 ZombiU
7%
87 2021 75/100 Chernobylite
5%
97 2024 74/100 Hollowbody
5%
88 2021 75/100 In Sound Mind
5%
39 2023 82/100 My Friendly Neighborhood
5%
93 2019 74/100 Song of Horror
5%
99 2024 74/100 Still Wakes the Deep
5%
94 2020 74/100 The Coma 2: Vicious Sisters
5%
80 2024 76/100 Withering Rooms
5%
81 2021 76/100 Wraith: The Oblivion - Afterlife
5%
No matching quizzes found
Score Distribution
Percent of People with Each Score
Percentile by Number Answered
Your Score History
You have not taken this quiz